000 00749nam a2200253Ia 4500
003 OSt
005 20221005061844.0
006 a|||||r|||| 00| 0
007 ta
008 221004b |||||||| |||| 00| 0 eng d
020 _a9780415162050 (hbk)
_c575
024 _a98678
037 _b5571, 26/11/2009, Efficient Book Distributors
_cTextual
040 _aCRL
_cCRL
_beng
041 _2eng
_aeng
082 _aV:(R), P3
100 _aLemon M.C.
_916856
245 0 _aPhilosophy of history
_b A guide for students
260 _aLondon
_bRoutledge UK
_c2003
300 _a461p.
_ccm.
650 _aHISTORY
942 _hV:(R), P3
_cTEXL
_2cc
999 _c968810
_d968810